Find a Country Flag in the Picture #2 - Statistics

General Stats
  • This quiz has been taken 1,652 times
  • The average score is 15 of 18
Answer Stats
Picture Answer % Correct
United Kingdom
98%
Bangladesh
97%
South Africa
95%
China
94%
Ukraine
94%
Panama
93%
Nigeria
92%
Finland
88%
Taiwan
88%
Cuba
86%
Egypt
83%
Tonga
82%
Ghana
81%
Georgia
80%
Seychelles
72%
North Macedonia
70%
Papua New Guinea
58%
Argentina
51%
No matching quizzes found
Score Distribution
Percent of People with Each Score
Percentile by Number Answered
Your Score History
You have not taken this quiz